ბათუმის შოთა რუსთაველის სახელმწიფო უნივერსიტეტის ბიბლიოთეკა

Discovering statistics using IBM SPSS statistics : (ბიბ.ჩანაწერი № 58352)

000 -LEADER
fixed length control field 00922cam a2200253 i 4500
001 - CONTROL NUMBER
control field 17389146
005 - DATE AND TIME OF LATEST TRANSACTION
control field 20221114113805.0
008 - FIXED-LENGTH DATA ELEMENTS--GENERAL INFORMATION
fixed length control field 120717s2013 caua b 001 0 eng
020 ## - INTERNATIONAL STANDARD BOOK NUMBER
International Standard Book Number 9781446249178x
041 ## - LANGUAGE CODE
Language code of text/sound track or separate title eng
080 ## - UNIVERSAL DECIMAL CLASSIFICATION NUMBER
Universal Decimal Classification number 31:004.9 F-50
100 1# - MAIN ENTRY--PERSONAL NAME
Personal name Field, Andy P.
9 (RLIN) 12961
245 10 - TITLE STATEMENT
Title Discovering statistics using IBM SPSS statistics :
Remainder of title and sex and drugs and rock 'n' roll /
Statement of responsibility, etc. Andy Field.
250 ## - EDITION STATEMENT
Edition statement 4th edition.
264 #1 - PRODUCTION, PUBLICATION, DISTRIBUTION, MANUFACTURE, AND COPYRIGHT NOTICE
Place of production, publication, distribution, manufacture Los Angeles :
Name of producer, publisher, distributor, manufacturer Sage,
Date of production, publication, distribution, manufacture, or copyright notice [2013].
300 ## - PHYSICAL DESCRIPTION
Extent xxxvi, 915 pages :
Other physical details illustrations ;
Dimensions 28 cm
504 ## - BIBLIOGRAPHY, ETC. NOTE
Bibliography, etc. note Includes bibliographical references and index.
653 ## - INDEX TERM--UNCONTROLLED
keyword Discovering Statistics using IBM SPSS Statistics
653 ## - INDEX TERM--UNCONTROLLED
keyword სტატისტიკა
653 ## - INDEX TERM--UNCONTROLLED
keyword საინფორმაციო ტექნოლოგიები
653 ## - INDEX TERM--UNCONTROLLED
keyword Статистика
653 ## - INDEX TERM--UNCONTROLLED
keyword Информационные технологии
942 ## - ADDED ENTRY ELEMENTS (KOHA)
Source of classification or shelving scheme
Koha item type წიგნი
ეგზემპლარები
Withdrawn status Lost status Source of classification or shelving scheme Damaged status Not for loan Permanent Location Current Location Shelving location Date acquired Cost, normal purchase price Full call number Barcode Date last seen Copy number Price effective from Koha item type Public note
          ბათუმის შოთა რუსთაველის სახელმწიფო უნივერსიტეტის მთავარი ბიბლიოთეკა ბათუმის შოთა რუსთაველის სახელმწიფო უნივერსიტეტის მთავარი ბიბლიოთეკა წიგნსაცავი 2021-11-18 133.00 31:004.9 F-50 55449 2021-11-18 55449 2021-11-18 წიგნი 133.00 GEL.
          ბათუმის შოთა რუსთაველის სახელმწიფო უნივერსიტეტის მთავარი ბიბლიოთეკა ბათუმის შოთა რუსთაველის სახელმწიფო უნივერსიტეტის მთავარი ბიბლიოთეკა წიგნსაცავი 2021-11-18 133.00 31:004.9 F-50 55450 2021-11-18 55450 2021-11-18 წიგნი 133.00 GEL.
          ბათუმის შოთა რუსთაველის სახელმწიფო უნივერსიტეტის მთავარი ბიბლიოთეკა ბათუმის შოთა რუსთაველის სახელმწიფო უნივერსიტეტის მთავარი ბიბლიოთეკა წიგნსაცავი 2021-11-18 133.00 31:004.9 F-50 55451 2021-11-18 55451 2021-11-18 წიგნი 133.00 GEL.